000 00777nam a22002057a 4500
005 20180416102537.0
010 _aB-690784-785
020 _a9788180423383
_c400.00
035 _aB-690784-785
037 _bModern Pub. House
_adpl
082 _a921
100 _aLotay, Rajinder Kaur
245 _aDr. B.R. Ambedkar fighter for liberty, equality & fraternity /
_cby Rajinder Kaur Lotay
260 _aNew Delhi
_bModern Pub. House
_c2016
270 _a9, Gole Market, Daryaganj,
_bNew Delhi
_e110002
300 _a168p.
_c23cm(Hb)
500 _aBalidani
942 _2ddc
_cEN
_mLOT
_h921
999 _c151206
_d151206